Money times

Detalles Bibliográficos
Formato: Electrónico Revista
Lenguaje:inglés
Publicado: New Delhi : Athena Information Solutions
Materias:
Acceso en línea:Full text available from Research Library: 03/14/2011 to present

MARC

LEADER 00000nas a2200000 a 4500
001 ssj0000858209
003 WaSeSS
005 20200512172242.0
006 m d
007 cr n
008 120426c20uu9999ii w| p|s|||||| |0eng d
035 |a (WaSeSS)ssj0000858209 
040 |a WaSeSS  |c WaSeSS  |d WaSeSS 
043 |a a-ii--- 
050 4 |a HG1235 
245 0 0 |a Money times  |h [electronic resource]. 
260 |a New Delhi :  |b Athena Information Solutions 
310 |a Weekly 
506 |a License restrictions may limit access. 
588 |a Description based on: March 14, 2011, Article ID A266050714; title from title screen (Infotrac, viewed Apri 23, 2012). 
588 |a Latest issue consulted: April 16, 2012, Article ID A286516132 (viewed April 23, 2012). 
650 0 |a Money market  |z India  |v Periodicals. 
650 0 |a Stock exchanges  |z India  |v Periodicals. 
650 0 |a Investments  |z India  |v Periodicals. 
655 0 |a Electronic journals. 
856 4 0 |z Full text available from Research Library: 03/14/2011 to present  |u https://search.proquest.com/publication/2050694